60 Second Blitz: NBA Teams Quiz Stats

 Plays Quiz Updated Oct 24, 2018

Score 0/30 Timer 01:00
19 Plays Today
Team Name % Correct
Los Angeles Lakers
91%
Miami Heat
83.3%
Boston Celtics
81.4%
New York Knicks
77.7%
Los Angeles Clippers
73.7%
Orlando Magic
72%
Chicago Bulls
72%
Brooklyn Nets
71.2%
San Antonio Spurs
70.7%
Dallas Mavericks
69.5%
Oklahoma City Thunder
65.2%
Cleveland Cavaliers
64.8%
Phoenix Suns
61.6%
Houston Rockets
61%
Utah Jazz
60.4%
Team Name % Correct
Golden State Warriors
60%
Atlanta Hawks
57%
Philadelphia 76ers
56.8%
Sacramento Kings
55.9%
New Orleans Pelicans
55.8%
Charlotte Hornets
55.1%
Detroit Pistons
54%
Milwaukee Bucks
53.8%
Indiana Pacers
53.7%
Portland Trailblazers
53.7%
Minnesota Timberwolves
51.8%
Washington Wizards
50.8%
Toronto Raptors
50.5%
Denver Nuggets
50.1%
Memphis Grizzlies
46%

You're not logged in!

Compare scores with friends on all Sporcle quizzes.
OR
Log In

Sporcle TV

Today on Sporcle TV


Watch our educational content, quiz creation guides, and fun videos on Sporcle TV.

Show Comments

Extras

Top Quizzes Today


Score Distribution

Your Account Isn't Verified!

In order to create a playlist on Sporcle, you need to verify the email address you used during registration. Go to your Sporcle Settings to finish the process.

Report this User

Report this user for behavior that violates our Community Guidelines.

Details: